000 00882nam a2200193 a 4500
001 BRCA_776
005 20190320203139.0
008 241005s1988----mx-a---###---#000-0#spa-d
020 _a968816089X
050 4 _aF1386
_b.D57 19
_c1988
100 1 _aValle-Arizpe, Artemio de
_d1888-1961
_92476
245 1 0 _aHistoria de la ciudad de México según los relatos de sus cronistas
_cArtemio de Valle Arizpe.
260 _aMéxico
_bDepartamento del Distrito Fedral : Secretaría General de Desarrollo Social : Comité Interno de Ediciones Gubernamentales : Coordinación General de Abasto y Distribución, Almacenes para los Trabajadores del Departamento del Distrito Federal
_c1988
300 _a259 p.
_c21 cm.
440 0 _aColección Distrito Federal
_v19
_92583
651 4 _aCiudad de México
_xHistoria
_9691
651 4 _aCiudad de México
_xDescripción y viajes
_92418
942 _2lcc
_cB
999 _c673
_d673